[Event "73rd UKR-ch"]
[Site "Kharkiv UKR"]
[Date "2004.08.27"]
[Round "2.4"]
[White "Yefymenko, Zakhar"]
[WhiteElo "2572"]
[Black "Kobylkin, Evgeny"]
[BlackElo "2444"]
[Result "1/2-1/2"]
[EventDate "2004.08.??"]
[PlyCount "69"]

1. e4 e6 2. d4 d5 3. Nc3 Nf6 4. Bg5 Bb4 5. e5 h6 6. Bd2 Bxc3 7. bxc3 Ne4 8. Qg4 g6 9. Qf4 c5 10. Bd3 Nxd2 11. Qxd2 cxd4 12. cxd4 Bd7 13. Nf3 Nc6 14. O-O Kf8 15. Rab1 b6 16. h4 h5 17. Qf4 Kg7 18. Rfe1 Rc8 19. Re3 Qe7 20. Ng5 Rhf8 21. Rg3 Na5 22. Re1 Ba4 23. Re2 Rc3 24. Rf3 Nc6 25. g4 hxg4 26. Qxg4 Nb4 27. Rf6 Nxd3 28. Nxe6+ Qxe6 29. Rxe6 fxe6 30. cxd3 Bd1 31. h5 Rg8 32. h6+ Kh7 33. Qxe6 Bxe2 34. Qf7+ Kh8 35. Qf6+ 1/2-1/2

[Event "73rd UKR-ch"]
[Site "Kharkiv UKR"]
[Date "2004.08.27"]
[Round "2.2"]
[White "Volokytin, Andriy"]
[WhiteElo "2638"]
[Black "Malakhatko, Vadym"]
[BlackElo "2555"]
[Result "1-0"]
[EventDate "2004.08.??"]
[PlyCount "47"]

1. e4 c5 2. Nf3 e6 3. d4 cxd4 4. Nxd4 a6 5. Nc3 b5 6. Bd3 Qb6 7. Be3 Bc5 8. Be2 d6 9. O-O Nc6 10. Nxc6 Qxc6 11. a4 b4 12. Nb5 Ke7 13. e5 d5 14. Nd4 Qc7 15. c4 bxc3 16. Rc1 Bb4 17. bxc3 Ba3 18. Ra1 Bc5 19. c4 Bxd4 20. Qxd4 dxc4 21. Rac1 f6 22. Rxc4 Qxe5 23. Qxe5 fxe5 24. Bf3 1-0

[Event "73rd UKR-ch"]
[Site "Kharkiv UKR"]
[Date "2004.08.26"]
[Round "2.1"]
[White "Moiseenko, Olexandr"]
[WhiteElo "2640"]
[Black "Kuzmin, Gennady"]
[BlackElo "2518"]
[Result "1-0"]
[EventDate "2004.08.??"]
[PlyCount "95"]

1. d4 d5 2. c4 e6 3. Nc3 Nf6 4. Nf3 Nbd7 5. Bf4 dxc4 6. e3 Nb6 7. Bxc4 Nxc4 8. Qa4+ Bd7 9. Qxc4 Bc6 10. Ne5 Bd7 11. Nxd7 Qxd7 12. Qxc7 Qxc7 13. Bxc7 Bb4 14. Ke2 Rc8 15. Be5 Bxc3 16. bxc3 Nd7 17. Bg3 Ke7 18. Kd3 Rhd8 19. Rhc1 Nc5+ 20. Ke2 Ne4 21. c4 Rc6 22. Rab1 Rd7 23. f3 Nxg3+ 24. hxg3 Ra6 25. Rc2 Rc7 26. g4 Ra5 27. Kd3 b6 28. Rb5 Ra3+ 29. Rb3 Ra5 30. f4 h6 31. e4 Kd6 32. a3 Rc8 33. Ra2 f6 34. a4 e5 35. Rb5 Rxb5 36. axb5 Rc7 37. c5+ bxc5 38. fxe5+ fxe5 39. Ra6+ Kd7 40. d5 c4+ 41. Kc3 Kd8 42. Rd6+ Ke8 43. Re6+ Kd8 44. Rxe5 Rc5 45. Rf5 Rxb5 46. Kxc4 Rb1 47. Rf7 a5 48. d6 1-0

[Event "73rd UKR-ch"]
[Site "Kharkiv UKR"]
[Date "2004.08.27"]
[Round "2.2"]
[White "Kuzmin, Gennady"]
[WhiteElo "2518"]
[Black "Moiseenko, Olexandr"]
[BlackElo "2640"]
[Result "1/2-1/2"]
[EventDate "2004.08.??"]
[PlyCount "100"]

1. e4 c5 2. Nf3 Nc6 3. Nc3 e5 4. Bc4 Be7 5. Nd5 Nf6 6. O-O d6 7. Re1 Nxd5 8. Bxd5 O-O 9. c3 Bg4 10. h3 Bxf3 11. Qxf3 Bg5 12. a3 Rb8 13. b4 Ne7 14. Ba2 Kh8 15. Qh5 f6 16. Rd1 g6 17. Qe2 Qc7 18. d4 cxd4 19. cxd4 Nc6 20. dxe5 dxe5 21. Bb2 Rfd8 22. Bd5 Ne7 23. Bb3 Nc6 24. Bd5 Ne7 25. Bc1 Bxc1 26. Raxc1 Qb6 27. Qa2 Kg7 28. Rc5 Rd7 29. Rd3 Rbd8 30. Qd2 Nxd5 31. Rcxd5 Rxd5 32. exd5 Qd6 33. h4 h5 34. Qc2 e4 35. Rd4 f5 36. Qc3 Kh7 37. Rd1 Rd7 38. Qd4 b6 39. a4 Rc7 40. Qd2 Rc4 41. Rc1 Rxb4 42. Qc3 e3 43. fxe3 Rxa4 44. Qc8 Rxh4 45. Rc6 Qh2+ 46. Kf2 Re4 47. Qd7+ Kh6 48. Qxf5 Rg4 49. Qf8+ Kh7 50. Qf7+ Kh6 1/2-1/2

[Event "73rd UKR-ch"]
[Site "Kharkiv UKR"]
[Date "2004.08.26"]
[Round "2.1"]
[White "Romanyshyn, Oleh"]
[WhiteElo "2541"]
[Black "Ivanchuk, Vasyl"]
[BlackElo "2715"]
[Result "1-0"]
[EventDate "2004.08.??"]
[PlyCount "83"]

1. d4 d5 2. c4 c6 3. Nf3 Nf6 4. Nc3 e6 5. g3 dxc4 6. Bg2 Nbd7 7. O-O b5 8. Bg5 Bb7 9. a4 b4 10. Ne4 c5 11. Nfd2 Qc7 12. Bf4 Qc8 13. Rc1 Nxe4 14. Nxe4 f5 15. Nxc5 Nxc5 16. dxc5 Bxg2 17. Kxg2 Qxc5 18. e4 Qc6 19. Qd4 Rc8 20. Rfe1 Kf7 21. f3 Kg6 22. exf5+ exf5 23. Re5 h6 24. Rce1 Kh7 25. Rxf5 c3 26. b3 Qg6 27. g4 c2 28. h4 Rc3 29. Qe4 Qc6 30. Rxf8+ Qxe4 31. Rxh8+ Kxh8 32. Rxe4 Rxb3 33. Rc4 Rb2 34. Bc1 Ra2 35. g5 hxg5 36. hxg5 Kh7 37. Rxb4 Ra1 38. Rh4+ Kg6 39. Rh1 Rxa4 40. Kf2 Rd4 41. Ke2 a5 42. Be3 1-0

[Event "73rd UKR-ch"]
[Site "Kharkiv UKR"]
[Date "2004.08.28"]
[Round "3.1"]
[White "Areschenko, Alexander"]
[WhiteElo "2575"]
[Black "Moiseenko, Olexandr"]
[BlackElo "2640"]
[Result "0-1"]
[EventDate "2004.08.??"]
[PlyCount "86"]

1. e4 c5 2. Nc3 Nc6 3. Nge2 e5 4. Nd5 Nf6 5. Nec3 Nxd5 6. Nxd5 Be7 7. Bc4 O-O 8. O-O d6 9. d3 Rb8 10. a4 Be6 11. Qh5 h6 12. f4 exf4 13. Bxf4 Bg5 14. Bxg5 Qxg5 15. Qxg5 hxg5 16. a5 Kh7 17. Ne3 Kg6 18. Nf5 Bxf5 19. Rxf5 f6 20. Ra3 Rh8 21. Rf1 Rh4 22. Bd5 Nb4 23. g3 Rh6 24. Bb3 Nc6 25. Rf2 Ne5 26. Be6 g4 27. Rb3 Nf3+ 28. Kh1 Ne5 29. Bd5 b5 30. axb6 axb6 31. Ra3 Rbh8 32. Ra7 Rh3 33. Be6 R8h5 34. Kg1 Kh6 35. Ra8 Kh7 36. Rb8 Rxh2 37. Rxh2 Nf3+ 38. Kf1 Rxh2 39. Bxg4 Ne5 40. Bd1 c4 41. Rxb6 cxd3 42. cxd3 Nxd3 43. Be2 Rf2+ 0-1

[Event "73rd UKR-ch"]
[Site "Kharkiv UKR"]
[Date "2004.08.29"]
[Round "3.2"]
[White "Moiseenko, Olexandr"]
[WhiteElo "2640"]
[Black "Areschenko, Alexander"]
[BlackElo "2575"]
[Result "1-0"]
[EventDate "2004.08.??"]
[PlyCount "77"]

1. d4 d6 2. e4 Nf6 3. Nc3 g6 4. Be3 c6 5. Qd2 b5 6. Bd3 Nbd7 7. Nf3 e5 8. dxe5 dxe5 9. O-O Be7 10. h3 O-O 11. a4 b4 12. Ne2 Qa5 13. Nc1 Rd8 14. Nb3 Qc7 15. c3 Rb8 16. Qc2 bxc3 17. Qxc3 Rb4 18. Nfd2 Nh5 19. Rfc1 Nf4 20. Bf1 Ne6 21. Qxc6 Qb8 22. Qc3 Nb6 23. Na5 Bd7 24. b3 Rc8 25. Nac4 Nxc4 26. Bxc4 Bf6 27. Nf3 a5 28. Qe1 Nf4 29. Bxf4 exf4 30. e5 Bg7 31. Bxf7+ Kxf7 32. e6+ Kf8 33. exd7 Rd8 34. Ra2 Rxd7 35. Rac2 Qe8 36. Rc8 Rd8 37. Rxd8 Qxd8 38. Ng5 Qd7 39. Rc7 1-0

[Event "73rd UKR-ch"]
[Site "Kharkiv UKR"]
[Date "2004.08.28"]
[Round "3.1"]
[White "Volokytin, Andriy"]
[WhiteElo "2638"]
[Black "Yefymenko, Zakhar"]
[BlackElo "2572"]
[Result "1-0"]
[EventDate "2004.08.??"]
[PlyCount "101"]

1. e4 c5 2. Nf3 d6 3. d4 cxd4 4. Nxd4 Nf6 5. Nc3 a6 6. Bc4 e6 7. Bb3 Nbd7 8. f4 Nc5 9. Qf3 b5 10. f5 Bd7 11. Bg5 Be7 12. e5 dxe5 13. Nc6 Bxc6 14. Qxc6+ Nfd7 15. Bxe7 Kxe7 16. fxe6 fxe6 17. Bxe6 Nxe6 18. O-O-O Nd4 19. Nd5+ Kf7 20. Rhf1+ Nf6 21. Qb7+ Kg8 22. Ne7+ Kf8 23. Nf5 Rg8 24. c3 Rb8 25. Qa7 Rc8 26. Kb1 Qc7 27. Qxc7 Rxc7 28. cxd4 exd4 29. Rxd4 Kf7 30. Rd6 Ra8 31. Nxg7 Kxg7 32. Rdxf6 a5 33. a3 b4 34. axb4 axb4 35. Rb6 Rc4 36. Rf3 Rh4 37. Rh3 Rxh3 38. gxh3 Re8 39. Rxb4 Re2 40. Rf4 Rxh2 41. h4 h5 42. b4 Rg2 43. Kc1 Ra2 44. b5 Ra5 45. Rb4 Kf7 46. b6 Ra8 47. b7 Rb8 48. Kd2 Ke6 49. Ke3 Kd6 50. Kf4 Kc7 51. Kg5 1-0

[Event "73rd UKR-ch"]
[Site "Kharkiv UKR"]
[Date "2004.08.29"]
[Round "3.2"]
[White "Yefymenko, Zakhar"]
[WhiteElo "2572"]
[Black "Volokytin, Andriy"]
[BlackElo "2638"]
[Result "1/2-1/2"]
[EventDate "2004.08.??"]
[PlyCount "112"]

1. e4 c5 2. Nf3 d6 3. d4 cxd4 4. Nxd4 Nf6 5. Nc3 a6 6. Bg5 e6 7. f4 Nbd7 8. Qf3 Qc7 9. O-O-O b5 10. Bd3 Bb7 11. Rhe1 Qb6 12. Nb3 b4 13. Ne2 Be7 14. g4 a5 15. Kb1 a4 16. Nd2 O-O 17. Qh3 Nc5 18. Bxf6 Bxf6 19. Nc4 Qc7 20. Nxd6 Bxb2 21. Nb5 Qb6 22. Kxb2 Nxd3+ 23. Qxd3 Ba6 24. Ned4 Rab8 25. Qc4 Bxb5 26. Qxb5 Qxb5 27. Nxb5 Rxb5 28. Rd4 h5 29. h3 Rc8 30. Red1 Rc3 31. R1d3 a3+ 32. Kc1 Rbc5 33. Rxc3 Rxc3 34. Rxb4 Rxh3 35. gxh5 Rxh5 36. c4 Kf8 37. Kc2 Ke7 38. Rb7+ Ke8 39. Kb3 Rh4 40. Kxa3 Rxf4 41. Kb4 Rf2 42. Ra7 g5 43. a4 g4 44. Ra8+ Kd7 45. Rg8 f5 46. a5 Ra2 47. e5 Kc6 48. Rg6 Rb2+ 49. Kc3 Ra2 50. Kd4 Kd7 51. Rg7+ Ke8 52. Ra7 Kf8 53. Ra8+ Kf7 54. Ra7+ Kf8 55. Ra8+ Kf7 56. Ra7+ Kf8 1/2-1/2

[Event "73rd UKR-ch"]
[Site "Kharkiv UKR"]
[Date "2004.09.02"]
[Round "5.2"]
[White "Volokytin, Andriy"]
[WhiteElo "2638"]
[Black "Korobov, Anton"]
[BlackElo "2565"]
[Result "1-0"]
[EventDate "2004.08.??"]
[PlyCount "111"]

1. e4 e6 2. d4 d5 3. Nc3 Nf6 4. Bg5 dxe4 5. Nxe4 Nbd7 6. Nf3 h6 7. Nxf6+ Nxf6 8. Bh4 c5 9. Ne5 Qa5+ 10. c3 cxd4 11. Qxd4 Bc5 12. Qf4 Bd6 13. Bg3 O-O 14. Be2 Nd7 15. Nc4 Bxf4 16. Nxa5 Bxg3 17. hxg3 Nc5 18. O-O-O b6 19. Bf3 Ba6 20. Bxa8 Rxa8 21. Nc6 Nd3+ 22. Rxd3 Bxd3 23. f3 Bb5 24. Nd4 Bd7 25. g4 e5 26. Nf5 Be6 27. b3 Rd8 28. c4 f6 29. Ng3 Kf7 30. Ne4 f5 31. gxf5 Bxf5 32. Re1 g5 33. Nc3 Ke6 34. Rh1 Rh8 35. g4 Bg6 36. Kd2 h5 37. gxh5 Rxh5 38. Rxh5 Bxh5 39. Ne4 Bg6 40. Ke3 Kd7 41. Nxg5 Kc6 42. Ne4 b5 43. cxb5+ Kxb5 44. a3 Bh5 45. Nc3+ Kc5 46. Ne4+ Kb5 47. Ng5 Bg6 48. Kd2 a5 49. Kc3 Bh5 50. Kd3 Bg6+ 51. Ne4 Bh5 52. Nd2 Bg6+ 53. Kc3 Bh5 54. a4+ Kc5 55. Nc4 Bxf3 56. Nxe5 1-0